Dịch chuyển : Bạn sẽ sống ở đâu năm 2050? = Move : The forces uprooting us

Nội dung sách cung cấp các kiến thức về ngành địa lý nhân văn, bức tranh toàn cảnh để cân nhắc tương lai của mình trong việc du học, di trú và xuất khẩu lao động, và cũng sẽ gợi những ý tưởng cho người làm quản lý, chính sách trong việc t...

Celý popis

Uloženo v:
Podrobná bibliografie
Hlavní autor: Khanna, Parag
Další autoři: Mai Chí Trung (Dịch)
Médium: Kniha
Jazyk:Vietnamese
Vydáno: Tp. Hồ Chí Minh Nxb. Trẻ 2023
Témata:
Tagy: Přidat tag
Žádné tagy, Buďte první, kdo otaguje tento záznam!
Thư viện lưu trữ: Thư viện Trường Đại học Nam Cần Thơ
LEADER 01628nam a22002297a 4500
001 NCT_4_016130
008 250116b xxu||||| |||| 00| 0 vie d
999 |c 8770  |d 8770 
020 |a 9786041236028  |c 210000 
082 0 4 |2 23rd ed.  |a 304.2  |b K45 
100 1 |a Khanna, Parag 
245 1 0 |a Dịch chuyển :  |b Bạn sẽ sống ở đâu năm 2050? = Move : The forces uprooting us  |c Parag Khanna ; Mai Chí Trung (Dịch) 
260 |a Tp. Hồ Chí Minh  |b Nxb. Trẻ  |c 2023 
300 |a 406 tr.  |b Minh hoạ  |c 23 cm 
520 3 |a Nội dung sách cung cấp các kiến thức về ngành địa lý nhân văn, bức tranh toàn cảnh để cân nhắc tương lai của mình trong việc du học, di trú và xuất khẩu lao động, và cũng sẽ gợi những ý tưởng cho người làm quản lý, chính sách trong việc thu hút và giữ tài nguyên nhân lực, ở cấp độ vi mô lẫn vĩ mô. 
653 |a Truyền thông đa phương tiện 
700 1 |a Mai Chí Trung  |e Dịch 
942 |2 ddc  |c BK 
952 |0 0  |1 0  |2 ddc  |4 0  |6 304_200000000000000_K45  |7 0  |9 30132  |a 000001  |b 000001  |d 2025-01-17  |o 304.2 K45  |p MD.23354  |r 2025-01-17  |v 210000.00  |w 2025-01-17  |y BK 
952 |0 0  |1 0  |2 ddc  |4 0  |6 304_200000000000000_K45  |7 0  |9 30133  |a 000001  |b 000001  |d 2025-01-17  |o 304.2 K45  |p MD.23355  |r 2025-01-17  |v 210000.00  |w 2025-01-17  |y BK 
952 |0 0  |1 0  |2 ddc  |4 0  |6 304_200000000000000_K45  |7 0  |9 30134  |a 000001  |b 000001  |d 2025-01-17  |o 304.2 K45  |p MD.23356  |r 2025-01-17  |v 210000.00  |w 2025-01-17  |y BK 
980 |a Thư viện Trường Đại học Nam Cần Thơ